[Event "7. Longericher Sommer-Open"]
[Site "?"]
[Date "2010.07.30"]
[Round "1.29"]
[White "Vaskovitch, Mark"]
[Black "Reinartz, Ulrich"]
[Result "1-0"]
[WhiteElo "1777"]
[BlackElo "1630"]
[PlyCount "113"]
[EventDate "2010.??.??"]
[WhiteTeam "SF Köln-Longerich 195"]
[BlackTeam "vereinslos"]

1. e4 c5 2. f4 d5 3. exd5 Qxd5 4. Nc3 Qd8 5. Nf3 Nf6 6. Be2 e6 7. O-O Be7 8. d3
Nc6 9. Ne4 O-O 10. c3 Nxe4 11. dxe4 b6 12. Qc2 Bb7 13. Be3 g6 14. Rad1 Qc7 15.
f5 exf5 16. exf5 Rfe8 17. fxg6 fxg6 18. Bc4+ Kg7 19. Ng5 Bxg5 20. Bxg5 Rf8 21.
Rxf8 Rxf8 22. Qd2 Kh8 23. Qd6 Qxd6 24. Rxd6 Ne5 25. Bd5 Bxd5 26. Rxd5 Nc6 27.
Rd6 Rc8 28. Rd7 Rf8 29. Bh6 Re8 30. Kf2 a6 31. Rb7 Rb8 32. Rc7 Nd8 33. Ra7 a5
34. Bf4 Rc8 35. Be5+ Kg8 36. Rg7+ Kf8 37. Rxh7 Nf7 38. Bf4 Kg8 39. Rh3 Rf8 40.
Rf3 b5 41. Be3 c4 42. Rf6 Kg7 43. Bd4 Ng5 44. Rxf8+ Kxf8 45. Ke3 Ke7 46. Kf4
Ne6+ 47. Ke5 b4 48. Be3 b3 49. a3 a4 50. Kd5 Ng7 51. Kxc4 Nf5 52. Bf2 Nd6+ 53.
Kb4 Ne4 54. Be3 Kd6 55. c4 Nf6 56. Kxa4 Ng4 57. Bg1 1-0

[Event "7. Longericher Sommer-Open"]
[Site "?"]
[Date "2010.07.30"]
[Round "1.30"]
[White "Karwatzki, Hans-Jürgen"]
[Black "Douteil, Dominik"]
[Result "0-1"]
[WhiteElo "1609"]
[BlackElo "1776"]
[PlyCount "104"]
[EventDate "2010.??.??"]
[WhiteTeam "Vereinigung der SF Stadtverw. Bo"]
[BlackTeam "Grefrather SV 1962 e.V"]

1. e4 d5 2. exd5 Qxd5 3. Nc3 Qa5 4. d4 c6 5. Nf3 Nf6 6. Bd2 Bf5 7. Bd3 Bxd3 8.
cxd3 Nbd7 9. Qb3 Qb6 10. Qc4 e6 11. O-O Be7 12. Rfe1 Nd5 13. Ne4 O-O 14. Bg5
Bxg5 15. Nexg5 Qb4 16. Qc1 Rad8 17. Qd1 N7f6 18. g3 Nb6 19. Qe2 h6 20. Ne4 Nfd5
21. Nc5 Nd7 22. Rac1 Nxc5 23. dxc5 Nf6 24. Rc4 Qa5 25. b4 Qc7 26. Ne5 a5 27. f4
Nd7 28. d4 Nxe5 29. fxe5 Ra8 30. Rb1 b5 31. Rc2 Rfd8 32. Qd2 Rd5 33. bxa5 Rxa5
34. Rb4 Qd8 35. Rcb2 Qa8 36. Qc2 Ra3 37. Qf2 Qa5 38. R4b3 Ra4 39. Rd2 Rc4 40.
Rf3 Rd7 41. Rdd3 Qa4 42. Qf1 Rcxd4 43. Ra3 Qc2 44. Ra8+ Kh7 45. Rf2 Qxc5 46.
Qb1+ g6 47. Kg2 Qxe5 48. Rf8 Kg7 49. Rc8 Rd2 50. Qb4 Qd5+ 51. Kh3 Rxf2 52. Qf8+
Kf6 0-1

[Event "7. Longericher Sommer-Open"]
[Site "?"]
[Date "2010.07.30"]
[Round "1.31"]
[White "Knütter, Helmut"]
[Black "Fieberg, Samuel"]
[Result "1-0"]
[WhiteElo "1593"]
[BlackElo "1355"]
[PlyCount "43"]
[EventDate "2010.??.??"]
[WhiteTeam "SK Sülz-Klettenberg"]
[BlackTeam "SF Köln-Mülheim e.V."]

1. e4 e5 2. Nf3 Nc6 3. Bb5 a6 4. Ba4 Nf6 5. O-O b5 6. Bb3 Bc5 7. c3 O-O 8. d4
Bb6 9. Bg5 exd4 10. cxd4 d6 11. Nc3 Bg4 12. Bd5 Qd7 13. Bxf6 gxf6 14. Bxc6 Qxc6
15. Nd5 Kg7 16. Rc1 Qb7 17. Rc3 Rfe8 18. Qc2 (18. Ne5 Bxd1 19. Rg3+) 18... Rac8
19. Nh4 Bxd4 20. Rg3 h5 21. Nf5+ Kh8 22. Nxd4 1-0

[Event "7. Longericher Sommer-Open"]
[Site "?"]
[Date "2010.07.30"]
[Round "1.32"]
[White "Klein, Markus"]
[Black "Stadtfeld, Martin"]
[Result "0-1"]
[WhiteElo "1333"]
[BlackElo "1593"]
[PlyCount "50"]
[EventDate "2010.??.??"]
[WhiteTeam "SK Sülz-Klettenberg"]
[BlackTeam "SC Jünkerath"]

1. d4 c5 2. dxc5 Qa5+ 3. Bd2 Qxc5 4. e3 Nf6 5. Bd3 g6 6. Bc3 Bg7 7. Nd2 O-O 8.
Nb3 Qc7 9. Nf3 Nc6 10. Nfd2 d5 11. O-O e5 12. Bb5 a5 13. Bxc6 bxc6 14. Rb1 c5
15. Nf3 d4 16. exd4 cxd4 17. Bd2 a4 18. Nc1 Rd8 19. Bg5 Bf5 20. Ra1 Bxc2 21.
Qe2 Ra5 22. Re1 e4 23. Nd2 Rxg5 24. Nc4 d3 25. Qe3 Ng4 0-1

[Event "7. Longericher Sommer-Open"]
[Site "?"]
[Date "2010.07.30"]
[Round "1.33"]
[White "Plitt, Stefan"]
[Black "Wickenfeld, Udo"]
[Result "1-0"]
[WhiteElo "1582"]
[BlackElo "1301"]
[PlyCount "77"]
[EventDate "2010.??.??"]
[WhiteTeam "SF Köln-Mülheim e.V."]
[BlackTeam "SK Recklinghausen Altsta"]

1. c4 e5 2. Nc3 Bc5 3. Nf3 d6 4. e3 Nf6 5. Be2 Be6 6. d4 exd4 7. exd4 Bb4 8.
Qa4+ Nc6 9. d5 Bxc3+ 10. bxc3 Bd7 11. dxc6 Bxc6 12. Qc2 O-O 13. O-O Re8 14. Bd3
a6 15. Bg5 Kh8 16. Rfe1 h6 17. Rxe8+ Bxe8 18. Bh4 Bc6 19. Nd4 Bd7 20. Bf5 c5
21. Bxd7 Qxd7 22. Bxf6 gxf6 23. Nf5 h5 24. Rd1 Re8 25. h3 Qe6 26. Nxd6 Rg8 27.
Qe4 Qxe4 28. Nxe4 Kg7 29. Rd5 Re8 30. f3 b6 31. Rxh5 Kg6 32. g4 Rd8 33. Rd5 Rh8
34. Kg2 Re8 35. Rd6 Re6 36. Rxe6 fxe6 37. a4 a5 38. Nd6 Kg5 39. Kg3 1-0

[Event "7. Longericher Sommer-Open"]
[Site "?"]
[Date "2010.07.30"]
[Round "1.34"]
[White "Engels, Immanuel"]
[Black "Margenberg, Volker"]
[Result "0-1"]
[WhiteElo "1239"]
[BlackElo "1550"]
[PlyCount "32"]
[EventDate "2010.??.??"]
[WhiteTeam "SVigung 1919 Königsspr"]
[BlackTeam "SV Wiehl 1923 e.V."]

1. d4 Nf6 2. c4 g6 3. Nc3 Bg7 4. Nf3 d5 5. e3 O-O 6. cxd5 Nxd5 7. e4 Nxc3 8.
bxc3 c5 9. Be2 Nc6 10. Bb2 cxd4 11. cxd4 Qa5+ 12. Kf1 Rd8 13. Rb1 Qxa2 14. e5
Nxe5 15. Qc1 Nxf3 16. Bc4 Qxc4+ 0-1

[Event "7. Longericher Sommer-Open"]
[Site "?"]
[Date "2010.07.30"]
[Round "1.35"]
[White "Langosch, Thomas"]
[Black "Romanova, Alena"]
[Result "1-0"]
[WhiteElo "1538"]
[BlackElo "1195"]
[PlyCount "103"]
[EventDate "2010.??.??"]
[WhiteTeam "SG Motor Barleben"]
[BlackTeam "SK Mannheim 1946 e.V."]

1. d4 d5 2. c4 dxc4 3. Nc3 Bf5 4. e4 Bg6 5. Bxc4 e6 6. Nge2 Nf6 7. f3 c5 8. d5
exd5 9. Nxd5 Bd6 10. Bg5 Be7 11. Nxf6+ Bxf6 12. Qxd8+ Bxd8 13. Bxd8 Kxd8 14.
Bd5 Kc7 15. Rc1 Na6 16. O-O Rac8 17. a3 Kb8 18. Nf4 f5 19. Be6 Rcf8 20. Bc4 Rf6
21. e5 Rb6 22. Bxa6 Rxa6 23. Rxc5 Rb6 24. b4 Rc8 25. Rfc1 Rxc5 26. Rxc5 Rc6 27.
Rxc6 bxc6 28. Nxg6 hxg6 29. Kf2 Kc7 30. Ke3 g5 31. Kd4 f4 32. Kc5 Kd7 33. e6+
Kxe6 34. Kxc6 Ke5 35. Kc5 g6 36. h3 Ke6 37. a4 Kd7 38. b5 Kc7 39. a5 Kb8 40. a6
Kc7 41. b6+ axb6+ 42. Kb5 Kb8 43. Kxb6 Ka8 44. Kc6 Ka7 45. Kd6 Kxa6 46. Ke6 Kb5
47. Kf6 g4 48. hxg4 Kc4 49. Kxg6 Kd3 50. Kf5 Ke3 51. g5 Kf2 52. Kxf4 1-0

[Event "7. Longericher Sommer-Open"]
[Site "?"]
[Date "2010.07.30"]
[Round "1.36"]
[White "Oerder, Timon"]
[Black "Sewald, Jörg"]
[Result "0-1"]
[WhiteElo "1195"]
[BlackElo "1525"]
[PlyCount "78"]
[EventDate "2010.??.??"]
[WhiteTeam "SV Fideler Bauer Lever"]
[BlackTeam "SK Köln-Worringen 1972"]

1. d4 g6 2. c4 Bg7 3. Nc3 d6 4. e4 Nd7 5. Be3 e5 6. d5 Ngf6 7. Be2 O-O 8. Qd2
Qe8 9. Bh6 Nc5 10. f3 Na6 11. Be3 Nd7 12. g3 f5 13. exf5 Rxf5 14. Ne4 b6 15.
Nh3 Ndc5 16. b4 Nxe4 17. fxe4 Rf8 18. Ng5 h6 19. b5 Nc5 20. Bxc5 bxc5 21. Nf3
Bg4 22. Rf1 Bh3 23. Rf2 g5 24. Ng1 Rxf2 25. Kxf2 Qf7+ 26. Bf3 Bg4 27. Ke2 Qh5
28. Bxg4 Qxg4+ 29. Ke3 h5 30. Rf1 h4 31. Qe1 hxg3 32. hxg3 a6 33. Qf2 axb5 34.
Qf7+ Kh8 35. Ne2 Qh3 36. Qf5 g4 37. cxb5 c4 38. Qd7 Qxf1 39. Qxg4 Bh6+ 0-1

[Event "7. Longericher Sommer-Open"]
[Site "?"]
[Date "2010.07.30"]
[Round "1.37"]
[White "Martens, Nick"]
[Black "Havenith, Julia"]
[Result "1-0"]
[WhiteElo "1518"]
[BlackElo "1082"]
[PlyCount "83"]
[EventDate "2010.??.??"]
[WhiteTeam "SF Battenberg"]
[BlackTeam "SV Würselen 1926 e.V."]

1. f4 Nf6 2. Nf3 g6 3. e3 Bg7 4. Nc3 O-O 5. Bc4 d5 6. Bb3 Bf5 7. O-O Nc6 8. a3
Re8 9. d4 Qd7 10. Ba4 Qe6 11. Nb5 Rac8 12. Nc3 a6 13. Ne5 b5 14. Bb3 Rcd8 15.
Bd2 Nxe5 16. fxe5 Ne4 17. Nxe4 Bxe4 18. Be1 f6 19. exf6 Bxf6 20. Bg3 Bg5 21.
Qe2 c6 22. c3 Rf8 23. Bf4 Bxf4 24. exf4 Qd6 25. Qxe4 e6 26. Qe5 Qxe5 27. fxe5
h6 28. Rf6 Rxf6 29. exf6 Rf8 30. Rf1 Kh7 31. h4 h5 32. Kh2 Kh6 33. Kh3 g5 34.
hxg5+ Kxg5 35. Bd1 Rf7 36. g3 Rf8 37. f7 a5 38. b3 Kg6 39. Kh4 Kh6 40. Bxh5 Kh7
41. Rf6 Kg7 42. Rxe6 1-0

[Event "7. Longericher Sommer-Open"]
[Site "?"]
[Date "2010.07.30"]
[Round "1.38"]
[White "Wilde, Christian"]
[Black "Dorloff, Jakobus"]
[Result "0-1"]
[WhiteElo "1001"]
[BlackElo "1517"]
[PlyCount "112"]
[EventDate "2010.??.??"]
[WhiteTeam "SF Köln-Longerich 195"]
[BlackTeam "Betriebssportgemeinschaft Rheinp"]

1. c4 Nf6 2. Nc3 c5 3. Nf3 e6 4. e4 d6 5. d4 cxd4 6. Nxd4 Nc6 7. Be3 Be7 8. Be2
O-O 9. O-O a6 10. a3 Qc7 11. Nxc6 bxc6 12. b4 Rd8 13. Na4 c5 14. Qb1 Bd7 15.
Nc3 Bc6 16. b5 axb5 17. cxb5 Rdb8 18. a4 d5 19. exd5 Nxd5 20. Qc1 Bb7 21. Nxd5
exd5 22. Bf4 Bd6 23. Bxd6 Qxd6 24. a5 c4 25. Bf3 Qc5 26. b6 Rxa5 27. Rxa5 Qxa5
28. Qf4 Rc8 29. Bg4 Rd8 30. Qc7 Qa8 31. Bf3 Qc8 32. Rc1 Qxc7 33. bxc7 Rc8 34.
Rd1 Rxc7 35. Bxd5 Bxd5 36. Rxd5 f6 37. Kf1 Kf7 38. Rd1 Ke6 39. f4 c3 40. Rc1 c2
41. Ke2 Kf5 42. g3 Kg4 43. f5 Kxf5 44. Kf3 Rc3+ 45. Ke2 Kg4 46. Kd2 Rc7 47. Ke3
Kh3 48. Kf4 Kxh2 49. g4 Kg2 50. Ke3 g6 51. Kd3 Kf3 52. g5 fxg5 53. Rf1+ Kg2 54.
Rc1 Kf2 55. Rxc2+ Rxc2 56. Kxc2 g4 0-1

[Event "7. Longericher Sommer-Open"]
[Site "?"]
[Date "2010.07.30"]
[Round "1.39"]
[White "Gail, Edgar"]
[Black "Liu, Julian"]
[Result "1-0"]
[WhiteElo "1502"]
[BlackElo "961"]
[PlyCount "155"]
[EventDate "2010.??.??"]
[WhiteTeam "Klub Kölner SF e.V. 1"]
[BlackTeam "SV Würselen 1926 e.V."]

1. e4 e5 2. f4 exf4 3. Nf3 d6 4. Bc4 Be7 5. O-O Nf6 6. Nc3 Nc6 7. d4 Bg4 8.
Bxf4 O-O 9. Qd2 Re8 10. Rae1 Be6 11. d5 Na5 12. dxe6 Nxc4 13. exf7+ Kxf7 14.
Qf2 b6 15. b3 Na5 16. Ng5+ Kg8 17. Qg3 Nh5 18. Qh3 Bxg5 19. Qxh5 Bf6 20. Nd5
Bd4+ 21. Kh1 Re6 22. Bg5 Qe8 23. Qxe8+ Raxe8 24. Nxc7 Bc3 25. Re3 Bd2 26. Rg3
Rxe4 27. Bxd2 Rc8 28. Rgf3 h6 29. Nb5 Rxc2 30. Bxa5 bxa5 31. Nxd6 Ree2 32. Rg3
Rf2 33. Kg1 Rfd2 34. Nf5 Rd7 35. Nxh6+ Kh7 36. Nf5 Rxa2 37. Ne3 Rd3 38. Nc4 Rd4
39. Rf5 a4 40. Ne5 Rd5 41. Rh3+ Kg8 42. Ng6 Rd1+ 43. Rf1 Rxf1+ 44. Kxf1 Ra3 45.
bxa4 Rxa4 46. Rf3 Kh7 47. Nf4 Rb4 48. g3 Rb1+ 49. Kg2 Rb8 50. Ra3 Ra8 51. Ra6
Kg8 52. h4 Kf7 53. g4 Ke7 54. g5 Kd7 55. h5 Kc7 56. Rg6 a5 57. Rxg7+ Kd6 58.
Nd3 a4 59. Nc1 a3 60. h6 a2 61. Nxa2 Rxa2+ 62. Kf3 Ra3+ 63. Kf4 Ra4+ 64. Kf5
Ra5+ 65. Kg6 Ra4 66. h7 Rh4 67. Rg8 Rxh7 68. Kxh7 Ke7 69. Rg6 Kf7 70. Rf6+ Ke7
71. Kg8 Ke8 72. Rf7 Kd8 73. Kf8 Kc8 74. Ke8 Kb8 75. g6 Kc8 76. g7 Kb8 77. Ke7
Kc8 78. g8=Q+ 1-0

[Event "7. Longericher Sommer-Open"]
[Site "?"]
[Date "2010.07.30"]
[Round "1.40"]
[White "Hingst, Dieter Max Otto"]
[Black "Rameker, Robert"]
[Result "0-1"]
[WhiteElo "908"]
[BlackElo "1471"]
[PlyCount "68"]
[EventDate "2010.??.??"]
[WhiteTeam "Brühler SK 1920 e.V."]
[BlackTeam "TUS 08 Rheinberg e.V."]

1. e4 e6 2. Nf3 d5 3. exd5 exd5 4. d4 Nf6 5. Bg5 Bg4 6. Be2 Be7 7. h4 Nbd7 8.
Ne5 Nxe5 9. dxe5 Bxe2 10. Qxe2 Nd7 11. e6 fxe6 12. Qh5+ Kf8 13. Bh6 Qe8 14.
Bxg7+ Kxg7 15. Qg4+ Qg6 16. Qxg6+ hxg6 17. g3 g5 18. h5 Nf6 19. h6+ Rxh6 20.
Rxh6 Kxh6 21. Nd2 g4 22. f3 gxf3 23. Nxf3 Ne4 24. g4 Rg8 25. Ne5 Rg7 26. O-O-O
Nf2 27. Re1 Kg5 28. Nf3+ Kf4 29. Nd4 Rxg4 30. Nxe6+ Kg3 31. Re3+ Kg2 32. Kd2
Bg5 33. Ke2 Bxe3 34. Kxe3 Re4+ 0-1

[Event "7. Longericher Sommer-Open"]
[Site "?"]
[Date "2010.07.30"]
[Round "1.41"]
[White "Knobeloch, Olaf"]
[Black "Tychev, Daniel"]
[Result "1/2-1/2"]
[WhiteElo "1460"]
[BlackElo "883"]
[PlyCount "35"]
[EventDate "2010.??.??"]
[WhiteTeam "Pulheimer Sport-Club 1924/57 e.V"]
[BlackTeam "SK Mannheim 1946 e.V."]

1. d4 d5 2. Nf3 Nf6 3. e3 Bf5 4. c4 e6 5. Nbd2 Nc6 6. Be2 Be7 7. O-O O-O 8. a3
Qd7 9. b4 a6 10. Bb2 Ne4 11. cxd5 exd5 12. Rc1 Bd6 13. Nb3 Rfe8 14. Bd3 Rad8
15. Qc2 Re6 16. Nh4 Rh6 17. Nf3 Rg6 (17... Bh3 18. gxh3 Qxh3) 18. Kh1 1/2-1/2

[Event "7. Longericher Sommer-Open"]
[Site "?"]
[Date "2010.07.31"]
[Round "2.1"]
[White "Losekoot, Pascal"]
[Black "Mladenov, Svetlin"]
[Result "1/2-1/2"]
[WhiteElo "2047"]
[BlackElo "2422"]
[PlyCount "127"]
[EventDate "2010.??.??"]
[WhiteTeam "BSV(Baarn, Niederlande)"]
[BlackTeam "SV Wattenscheid 1930"]

1. d4 Nf6 2. Nf3 e6 3. Bf4 b6 4. e3 Bb7 5. Nbd2 c5 6. Bd3 cxd4 7. exd4 Be7 8.
c3 d6 9. h3 Nbd7 10. Qe2 O-O 11. O-O Re8 12. Ne4 Qc7 13. Rfe1 a6 14. a4 Nxe4
15. Bxe4 Bxe4 16. Qxe4 Nf6 17. Qe2 Qb7 18. Ng5 Nd5 19. Qd3 Bxg5 20. Bxg5 b5 21.
Re2 bxa4 22. Rxa4 Qb5 23. Qd1 Nb6 24. Rb4 Qc6 25. Qd3 a5 26. Qb5 Rec8 27. Qxc6
Rxc6 28. Rb5 a4 29. Re1 h6 30. Be3 a3 31. bxa3 Rxa3 32. Reb1 Nd5 33. Rb8+ Kh7
34. R1b7 Kg6 35. Rf8 Nc7 36. Bd2 Ra1+ 37. Kh2 Rd1 38. Bf4 Rd3 39. Bxd6 Rdxc3
40. Bc5 e5 41. Rc8 exd4 42. Bxd4 Ne6 43. Rxc6 Rxc6 44. Be3 Rc4 45. Rb6 h5 46.
g3 Ra4 47. Kg2 Kf6 48. Kf3 g5 49. Rb5 Ra3 50. Ke4 Kg6 51. Rb6 Ra5 52. Kf3 Kf5
53. g4+ Kg6 54. Kg3 Ra3 55. Kg2 h4 56. Rd6 Ra5 57. Rb6 Rd5 58. Ra6 Kf6 59. Ra4
Ke5 60. Bxg5 Nxg5 61. f4+ Kf6 62. fxg5+ Kxg5 63. Ra3 Rd2+ 64. Kf3 1/2-1/2

[Event "7. Longericher Sommer-Open"]
[Site "?"]
[Date "2010.07.31"]
[Round "2.2"]
[White "Schülke, Tilman"]
[Black "Rotstein, Jefim"]
[Result "0-1"]
[WhiteElo "1995"]
[BlackElo "2210"]
[PlyCount "92"]
[EventDate "2010.??.??"]
[WhiteTeam "Düsseldorfer SV 1854"]
[BlackTeam "Ford-SF Köln e.V."]

1. g3 e5 2. Bg2 Nc6 3. a3 a5 4. b3 Nf6 5. d3 d5 6. h3 Bc5 7. e3 O-O 8. Nd2 Be6
9. Bb2 Qe7 10. Ne2 Nd7 11. O-O f5 12. d4 Ba7 13. dxe5 Ndxe5 14. Nf3 Nxf3+ 15.
Bxf3 Rad8 16. Kg2 Bf7 17. Nd4 Nxd4 18. Bxd4 c5 19. Bb2 d4 20. exd4 cxd4 21. Qd3
a4 22. bxa4 Qc5 23. Qd2 Bd5 24. Bxd5+ Qxd5+ 25. Kh2 f4 26. Qd3 Rf7 27. Qb3 Qd6
28. Rae1 Rdf8 29. Re4 Kh8 30. gxf4 Rxf4 31. Rxf4 Qxf4+ 32. Qg3 Qd2 33. Qh4 g5
34. Qg4 Rxf2+ 35. Rxf2 Qxf2+ 36. Kh1 Qf1+ 37. Qg1 Qxh3+ 38. Qh2 Qxh2+ 39. Kxh2
Kg8 40. Kg3 Kf7 41. Kf3 h5 42. a5 Kg6 43. a6 bxa6 44. Ke4 h4 45. a4 g4 46. Ba3
Bb8 0-1

[Event "7. Longericher Sommer-Open"]
[Site "?"]
[Date "2010.07.31"]
[Round "2.3"]
[White "Arlt, Klaus"]
[Black "Eulering, Georg"]
[Result "1/2-1/2"]
[WhiteElo "1950"]
[BlackElo "2079"]
[PlyCount "71"]
[EventDate "2010.??.??"]
[WhiteTeam "SF Köln-Mülheim e.V."]
[BlackTeam "SF Schlebusch"]

1. c4 Nf6 2. Nc3 g6 3. g3 Bg7 4. Bg2 O-O 5. Nf3 d6 6. d4 c6 7. O-O Nbd7 8. h3
e5 9. dxe5 Nxe5 10. Nxe5 dxe5 11. Be3 Be6 12. b3 Qa5 13. Na4 Rfd8 14. Qe1 Qxe1
15. Raxe1 Nd7 16. Rd1 f5 17. Nc5 Nxc5 18. Bxc5 Bf6 19. Be3 Be7 20. Bc1 Kf7 21.
Kh2 a5 22. e4 a4 23. Rxd8 Bxd8 24. f4 Bc7 25. exf5 gxf5 26. fxe5 axb3 27. axb3
Bxe5 28. Bf4 Bf6 29. g4 Kg6 30. Re1 Bf7 31. Kg3 Ra3 32. gxf5+ Kg7 33. Re3 Bd4
34. Rd3 c5 35. Be4 Kf6 36. h4 1/2-1/2

[Event "7. Longericher Sommer-Open"]
[Site "?"]
[Date "2010.07.31"]
[Round "2.4"]
[White "Wickenfeld, Stefan"]
[Black "Pick, Stefan"]
[Result "1/2-1/2"]
[WhiteElo "1920"]
[BlackElo "2066"]
[PlyCount "124"]
[EventDate "2010.??.??"]
[WhiteTeam "SK Herne-Sodingen 1924"]
[BlackTeam "SK Kerpen 64 e.V."]

1. e4 d5 2. exd5 Nf6 3. Bb5+ Bd7 4. Bc4 Bg4 5. f3 Bc8 6. Nc3 Nbd7 7. Nge2 Nb6
8. d3 Nfxd5 9. Nxd5 Nxd5 10. Bg5 Qd6 11. Qd2 e5 12. O-O Be6 13. Kh1 f6 14. Bh4
g5 15. Bf2 Nf4 16. Bxe6 Nxe6 17. d4 exd4 18. Nxd4 Nxd4 19. Rfe1+ Kf7 20. Qxd4
Qxd4 21. Bxd4 Rd8 22. Bc3 Bc5 23. g3 Bd4 24. Bxd4 Rxd4 25. Re2 Rhd8 26. Kg2 Rd2
27. Rae1 Rxe2+ 28. Rxe2 Rd1 29. a4 c5 30. Kf2 Rh1 31. Ke3 Ke6 32. f4 h5 33.
fxg5 fxg5 34. Kd3+ Kf5 35. Re7 Rxh2 36. Rxb7 Rh3 37. Rxa7 Rxg3+ 38. Kc4 Rg2 39.
a5 Rxc2+ 40. Kb3 Rc1 41. Rc7 h4 42. a6 Ra1 43. a7 h3 44. Rxc5+ Kg6 45. Rc6+ Kh5
46. Rc7 g4 47. Rh7+ Kg6 48. Rh4 Rxa7 49. Rxg4+ Kh5 50. Rg1 Kh4 51. Kc4 h2 52.
Rh1 Kg3 53. b4 Kg2 54. Rb1 Rh7 55. b5 h1=Q 56. Rxh1 Rxh1 57. Kc5 Kf3 58. b6 Ke4
59. b7 Rh8 60. Kb6 Kd5 61. Ka7 Rh7 62. Ka8 Rxb7 1/2-1/2

[Event "7. Longericher Sommer-Open"]
[Site "?"]
[Date "2010.07.31"]
[Round "2.5"]
[White "Khanukov, Boris"]
[Black "Grzeca, Pascal"]
[Result "1/2-1/2"]
[WhiteElo "2258"]
[BlackElo "1897"]
[PlyCount "124"]
[EventDate "2010.??.??"]
[WhiteTeam "Stift. Bahn-Sozialwerk Schachgr."]
[BlackTeam "SV Spr.Siershahn"]

1. d4 Nf6 2. c4 e6 3. g3 d5 4. Bg2 dxc4 5. Qa4+ Bd7 6. Qxc4 Bc6 7. Nf3 Nbd7 8.
Nc3 Nb6 9. Qd3 Bb4 10. O-O Bxc3 11. bxc3 Be4 12. Qb5+ c6 13. Qg5 O-O 14. a4 Qd5
15. Qh4 h6 16. Bxh6 gxh6 17. Qxf6 Kh7 18. Nh4 Bxg2 19. Nxg2 Qe4 20. Qf3 Qxf3
21. exf3 Rfd8 22. Ne3 Nd5 23. Rfc1 b6 24. Rab1 Kg7 25. Rc2 Rab8 26. Kf1 a5 27.
Ke2 c5 28. Nxd5 Rxd5 29. dxc5 Rxc5 30. c4 Rbc8 31. Kd3 Rd8+ 32. Kc3 Rdc8 33.
Kb3 Rd8 34. Ka3 Rc6 35. f4 Rd3+ 36. Rb3 Rd1 37. Rb5 Ra1+ 38. Kb3 Rb1+ 39. Ka2
Rxb5 40. axb5 Rc5 41. Kb3 Kf6 42. Rd2 Ke7 43. f3 h5 44. g4 h4 45. Rg2 Rc8 46.
h3 Rd8 47. c5 Rd5 48. cxb6 Rxb5+ 49. Ka4 Rxb6 50. Kxa5 Rb3 51. Rf2 Rb1 52. Ka4
Rh1 53. Kb3 Rxh3 54. Kc4 Rh1 55. Kd4 h3 56. Ke4 h2 57. Re2 f6 58. f5 e5 59. g5
Kf7 60. g6+ Kg7 61. Ke3 Kg8 62. Ke4 Kg7 1/2-1/2

[Event "7. Longericher Sommer-Open"]
[Site "?"]
[Date "2010.07.31"]
[Round "2.6"]
[White "Kiese, Matthias"]
[Black "Begri, Robert"]
[Result "0-1"]
[WhiteElo "2194"]
[BlackElo "1982"]
[PlyCount "90"]
[EventDate "2010.??.??"]
[WhiteTeam "SGEM Waldshut-Tiengen"]
[BlackTeam "Tischtennisclub Grün-Weiß Fritzd"]

1. d4 Nf6 2. Nf3 e6 3. Bg5 c5 4. e3 d5 5. c3 Be7 6. Nbd2 O-O 7. Bd3 cxd4 8.
exd4 Qb6 9. Rb1 Bd7 10. Qe2 Nc6 11. Ne5 Qd8 12. f4 Ne8 13. Bxe7 Qxe7 14. O-O
Nd6 15. Rbe1 Rae8 16. Rf3 f5 17. Rh3 Nxe5 18. Qxe5 Ne4 19. Nf3 Bc6 20. Kf1 a6
21. Ke2 b5 22. a3 a5 23. Rc1 Rc8 24. Bxe4 fxe4 25. Ng5 Bd7 26. g4 h6 27. Nxe4
dxe4 28. Qxe4 Bc6 29. Qe5 Qf6 30. Ke3 Qxe5+ 31. dxe5 Rcd8 32. c4 bxc4 33. Rxc4
Bb5 34. Rc3 Rd1 35. Ke4 Rfd8 36. Rhe3 R1d2 37. f5 Bf1 38. fxe6 Bg2+ 39. Kf5
Rf2+ 40. Kg6 Re8 41. e7 Bd5 42. e6 Rf6+ 43. Kh5 Rxe7 44. h4 Bxe6 45. g5 g6+ 0-1

[Event "7. Longericher Sommer-Open"]
[Site "?"]
[Date "2010.07.31"]
[Round "2.7"]
[White "Speck, Stefan"]
[Black "König, Dirk Norbert"]
[Result "1/2-1/2"]
[WhiteElo "1895"]
[BlackElo "2125"]
[PlyCount "102"]
[EventDate "2010.??.??"]
[WhiteTeam "SC Solingen 1928 e.V."]
[BlackTeam "SVigung 1920 Plettenbe"]

1. d4 f5 2. Nc3 Nf6 3. Bg5 d5 4. Bxf6 exf6 5. e3 Be6 6. Nh3 Qd7 7. Nf4 Bf7 8.
Qf3 Bb4 9. Nd3 Nc6 10. Nxb4 Nxb4 11. O-O-O O-O-O 12. a3 Nc6 13. Bb5 g6 14. Qe2
Qd6 15. g3 Ne7 16. Bd3 Be8 17. h4 h5 18. Qf3 Kb8 19. Ne2 Nc8 20. Nf4 Nb6 21.
Qe2 Bf7 22. Qd2 Rc8 23. Qb4 c5 24. dxc5 Rxc5 25. Be2 Qc7 26. c3 a5 27. Qd4 Rc8
28. Nd3 Rc4 29. Qxf6 d4 30. Qe5 dxc3 31. b3 Re4 32. Qxc7+ Rxc7 33. Kc2 a4 34.
Nc1 axb3+ 35. Nxb3 Ra4 36. Rd8+ Ka7 37. Nd4 Bc4 38. Bxc4 Rcxc4 39. Rb1 Rc5 40.
Rb3 Nc4 41. Rd7 Na5 42. Rxc3 Rxc3+ 43. Kxc3 Rxa3+ 44. Kb4 Ra2 45. Rg7 Kb6 46.
Rxg6+ Nc6+ 47. Nxc6 bxc6 48. Rg5 Rxf2 49. Rxh5 Rf3 50. Rg5 Rxe3 51. h5 f4
1/2-1/2

[Event "7. Longericher Sommer-Open"]
[Site "?"]
[Date "2010.07.31"]
[Round "2.8"]
[White "Wolfradt, Dirk"]
[Black "Holzem, Christopher"]
[Result "1/2-1/2"]
[WhiteElo "2069"]
[BlackElo "1972"]
[PlyCount "45"]
[EventDate "2010.??.??"]
[WhiteTeam "SVigung 1919 Königsspr"]
[BlackTeam "Turnerschaft Bergisch-Gladbach 1"]

1. d4 d5 2. c4 c6 3. Nf3 Nf6 4. cxd5 cxd5 5. Nc3 g6 6. Bg5 Bg7 7. Qb3 e6 8. Qa3
Qe7 9. Qxe7+ Kxe7 10. Ne5 h6 11. Bd2 Bd7 12. e3 Rc8 13. Bd3 a6 14. O-O b5 15.
f3 Nc6 16. Ne2 Kf8 17. e4 dxe4 18. Bxe4 Be8 19. Bxc6 Bxc6 20. Rac1 Bd5 21. b3
Kg8 22. Rc5 Bf8 23. Rxc8 1/2-1/2

[Event "7. Longericher Sommer-Open"]
[Site "?"]
[Date "2010.07.31"]
[Round "2.9"]
[White "Lenhardt, Manfred"]
[Black "Häussler, Daniel"]
[Result "1-0"]
[WhiteElo "2003"]
[BlackElo "1939"]
[PlyCount "93"]
[EventDate "2010.??.??"]
[WhiteTeam "SC Weisse Dame e.V."]
[BlackTeam "SC Ostfildern 1952 e.V."]

1. d4 Nf6 2. Nf3 e6 3. e3 b6 4. Bd3 Bb7 5. Nbd2 d6 6. b3 Nbd7 7. Bb2 g5 8. Nxg5
Rg8 9. Nge4 Nxe4 10. Bxe4 Bxe4 11. Nxe4 d5 12. Ng3 Qh4 13. Qe2 Bb4+ 14. c3 Bd6
15. O-O-O a6 16. Rdg1 Nf6 17. Nf1 b5 18. g3 Qh6 19. f3 c5 20. g4 cxd4 21. h4
dxc3 22. Bxc3 Nd7 23. g5 Qg6 24. Qc2 Rc8 25. Qxg6 fxg6 26. Kd2 Rf8 27. Rh3 b4
28. Ba1 Ke7 29. Rg2 Rc6 30. Kd1 Rfc8 31. Bb2 Ne5 32. f4 Nd3 33. Bf6+ Ke8 34.
Rd2 Rc1+ 35. Ke2 Nc5 36. Ng3 Nd7 37. Bb2 R1c2 38. h5 Rxd2+ 39. Kxd2 e5 40. hxg6
hxg6 41. Rh8+ Nf8 42. Bxe5 Bxe5 43. fxe5 Kf7 44. Ne2 Re8 45. Nf4 Rxe5 46. Rxf8+
Kg7 47. Rd8 1-0

[Event "7. Longericher Sommer-Open"]
[Site "?"]
[Date "2010.07.31"]
[Round "2.10"]
[White "Fichtner, Ewald"]
[Black "Täger, Torsten"]
[Result "0-1"]
[WhiteElo "1969"]
[BlackElo "1984"]
[PlyCount "120"]
[EventDate "2010.??.??"]
[WhiteTeam "SG Solingen e.V."]
[BlackTeam "SV Lahn Limburg"]

1. d4 g6 2. Bf4 Bg7 3. e3 d6 4. Nf3 Nd7 5. h3 Ngf6 6. Be2 b6 7. O-O Bb7 8. c4
O-O 9. Nc3 Re8 10. d5 e5 11. dxe6 Rxe6 12. Nd4 Re8 13. Bf3 Bxf3 14. Qxf3 Ne5
15. Bxe5 dxe5 16. Nc6 Qc8 17. Rfd1 Qe6 18. Nd5 e4 19. Nd4 Qd6 20. Nxf6+ Bxf6
21. Qe2 Qe7 22. Rd2 c5 23. Nb5 Red8 24. Rad1 Rxd2 25. Rxd2 a6 26. Na3 Rd8 27.
Qd1 Rxd2 28. Qxd2 Qe5 29. Nb1 (29. b3 Qa1+ 30. Kh2 Bb2) 29... Qxb2 30. Qxb2
Bxb2 31. Nd2 f5 32. a4 Bc3 33. Nb3 Kf7 34. g4 Ke6 35. gxf5+ gxf5 36. f3 f4 37.
Kf2 fxe3+ 38. Kxe3 exf3 39. Kxf3 Ke5 40. Ke3 Bd4+ 41. Kf3 Kf5 42. Nd2 Bf6 43.
Ne4 Be5 44. Ke3 h5 45. Kf3 h4 46. Nd2 Bf6 47. Ne4 Be7 48. Nc3 Ke5 49. Nd5 Bd8
50. Nf4 Bg5 51. Ne2 Bd2 52. Kg4 Ke4 53. Kxh4 Kd3 54. Ng1 Kxc4 55. Kg4 b5 56.
Nf3 Bc3 57. axb5 axb5 58. h4 b4 59. h5 b3 60. Kf5 b2 0-1

[Event "7. Longericher Sommer-Open"]
[Site "?"]
[Date "2010.07.31"]
[Round "2.11"]
[White "Bauer, Andreas"]
[Black "Viganske, Christian"]
[Result "1/2-1/2"]
[WhiteElo "2086"]
[BlackElo "1911"]
[PlyCount "35"]
[EventDate "2010.??.??"]
[WhiteTeam "SC Emmendingen 1937 e.V."]
[BlackTeam "SK Turm Euskirchen 65"]

1. e4 c5 2. Nc3 Nc6 3. Bb5 g6 4. Bxc6 dxc6 5. f4 Bg7 6. Nf3 Nf6 7. d3 O-O 8.
O-O Qc7 9. Qe1 b6 10. Qh4 Ne8 11. f5 gxf5 12. exf5 Bxf5 13. Bf4 Qd7 14. Rae1 f6
15. Ne4 e5 16. Bc1 Rd8 17. Ng3 Bg4 18. Kh1 1/2-1/2